00572nam a2200181Ia 4500003000900000008004100009020001800050040001600068080001400084100002400098245013800122260003000260300002300290650001200313650002200325700002400347700001900371IN-BaIIA211028s9999 xx 000 0 eng d a81-85015-84-8 cIIA Library a53bFEY-3 aFeynman, Richard P. 0aFeynman lectures on physicsbvol.3cRichard P. Feynman, Robert B. Leighton and Matthew Sands  aUSAbAddison-Wesleyc1965 a[various pagings.] aPhysics aquantum mechanics aLeighton, Robert. B aSands, Matthew